| 000 | 01334cam a22003613a 4500 | ||
|---|---|---|---|
| 001 | 12583150 | ||
| 003 | EG-ScBUE | ||
| 005 | 20220126142824.0 | ||
| 008 | 000715s2001 nyu f 000 1 eng d | ||
| 020 | _a9780007119325 | ||
| 020 | _a0007119321(pbk.) | ||
| 035 | _a(OCoLC)ocm43331441 | ||
| 040 |
_aDLC _beng _erda _cDLC _dBKL _dDLC _dEG-ScBUE |
||
| 043 |
_ae-be--- _af-ua--- |
||
| 082 | 0 | 4 |
_222 _a823.914 _bCHR |
| 100 | 1 |
_aChristie, Agatha, _d1890-1976, _eauthor. _940452 |
|
| 245 | 1 | 0 |
_aDeath on the Nile / _cAgatha Christie. |
| 264 | 1 |
_aLondon : _bHarper Collins Publishers, _c2001. |
|
| 300 |
_a416 pages ; _c18 cm |
||
| 336 |
_2rdacontent _atext _btxt |
||
| 337 |
_2rdamedia _aunmediated _bn |
||
| 338 |
_2rdacarrier _avolume _bnc |
||
| 650 | 7 |
_aPoirot, Hercule (Fictitious character) _vFiction. _2BUEsh |
|
| 650 | 7 |
_aPrivate investigators _zEgypt _vFiction. _2BUEsh |
|
| 650 | 7 |
_aBelgians _zEgypt _vFiction. _2BUEsh |
|
| 651 | 7 |
_aEgypt _vFiction. _2BUEsh |
|
| 653 |
_bHHUUEENN _cJanuary2021 |
||
| 655 | 7 |
_aMystery fiction. _2gsafd _vReading book |
|
| 856 | 4 | 2 |
_3Contributor biographical information _uhttp://www.loc.gov/catdir/enhancements/fy0717/2001554704-b.html |
| 856 | 4 | 2 |
_3Publisher description _uhttp://www.loc.gov/catdir/enhancements/fy0717/2001554704-d.html |
| 942 |
_2ddc _cBB |
||
| 999 |
_c10389 _d10389 |
||